000 00236nam a2200097Ia 4500
001 767700
005 20250826165405.0
008 250824s9999 xx 000 0 und d
245 0 _aseçilmiş şiirler
_cyunus emre
260 _bkültür a.ş
999 _c767700
_d767700